|
|
|
|
| LEADER |
00000nam0a2200000 4500 |
| 001 |
81697 |
| 005 |
20231101213202.0 |
| 035 |
|
|
|a (RuTPU)RU\TPU\book\87807
|
| 090 |
|
|
|a 81697
|
| 100 |
|
|
|a 20050922d1971 km y0rusy50 ca
|
| 101 |
0 |
|
|a rus
|
| 102 |
|
|
|a RU
|
| 105 |
|
|
|a a e 001zy
|
| 200 |
1 |
|
|a Теория теплообмена. Терминология
|f Академия Наук СССР; Комитет научно-технической терминологии; Научный Совет по комплексной проблеме "Высокотемпературная теплофизика";Сборники рекомендуемых терминов. Вып. 83; под ред. Б. С. Петухова
|
| 210 |
|
|
|a Москва
|c Наука
|d 1971
|
| 215 |
|
|
|a 80 с.
|c ил.
|
| 320 |
|
|
|a Алфавитный указатель терминов: с. 55-72.
|
| 610 |
1 |
|
|a теплообмен
|
| 610 |
1 |
|
|a терминология
|
| 610 |
1 |
|
|a теплопроводность
|
| 610 |
1 |
|
|a конвективный теплообмен
|
| 610 |
1 |
|
|a испарение
|
| 610 |
1 |
|
|a кипение
|
| 675 |
|
|
|a 536.2
|v 3
|
| 702 |
|
1 |
|a Петухов
|b Б. С.
|4 340
|
| 712 |
0 |
2 |
|a Академия Наук СССР
|b Научный Совет по комплексной проблеме "Высокотемпературная теплофизика"
|2 stltpush
|3 (RuTPU)RU\TPU\col\722
|
| 712 |
0 |
2 |
|a Комитет научно-технической терминологии
|9 24397
|
| 801 |
|
1 |
|a RU
|b 63413507
|c 20050922
|g PSBO
|
| 801 |
|
2 |
|a RU
|b 63413507
|c 20150331
|g PSBO
|
| 942 |
|
|
|c BK
|